000 00600nam a2200205Ia 4500
003 OSt
005 20220925210403.0
006 a|||||r|||| 00| 0
007 ta
008 220923b |||||||| |||| 00| 0 eng d
037 _cGeneral Book
040 _aRTL
_cRTL
_beng
041 _2eng
_aeng
082 _aY:5.2sN61, K1.1-3(ii)
100 _aCensus of India, 1961
245 0 _aHousehold economic tables. V 1, Part 3 (2). 1961
260 _aIndia
_bGovt. Press
_c1961
942 _hY:5.2sN61, K1.1-3(ii)
_cGB
_2CC
999 _c554946
_d554946